000 00538nam a2200229Ia 4500
003 OSt
005 20220924144620.0
006 a|||||r|||| 00| 0
007 ta
008 220923b |||||||| |||| 00| 0 urd d
024 _a316305
037 _cTextual
040 _aARTS
_cARTS
_burd
041 _2urd
_aurd
082 _aO168,1NHAx, G5
100 _aAdam
245 0 _aNaqsh-e-Dawan
260 _c1935
650 _aURDU POETRY
942 _hO168,1NHAx, G5
_cTEXL
_2CC
999 _c457631
_d457631